000 00920nam a2200241Ii 4500
003 JO-AjNU
008 230605s9999||||xx |||||||||||||| ||und||
017 _a1325/3/2019
020 _a978-9957-605-71-1
040 _aJO-AjNU
_bara
_erda
_cJO-AjNU
041 _aara
050 1 4 _aBP69.I72.H39.2019
100 3 _aاعداد قسم الفتوى في هيئة علماء المسلمين في العراق,
_eauthor
_964089
245 0 0 _aفتاوى ودراسات شرعية منتقاة
250 _aط1
264 3 1 _aبغداد: مؤسسة البصائر للدراسات والنشر، 2019
300 _a86ص
336 _atext
_btxt
_2rdacontent
337 _aunmediated
_bn
_2rdamedia
338 _avolume
_bnc
_2rdacarrier
490 0 _aسلسلة اصدارات هيئة علماء المسلمين في العراق 32
650 4 _aالفتاوى-الاحكام-الشريعة الاسلامية
_964090
999 _aA29105
_c32673
_d32673